| 000 | 01632cam a22001934a 4500 | ||
|---|---|---|---|
| 005 | 20250605164010.0 | ||
| 008 | 250528s ||||||||||||||||||||||||d | ||
| 035 | _a15922 | ||
| 040 |
_aGR-AtMCL _bgre _dGR-AtMCL _eAACR2 |
||
| 245 | 1 | _aΜια Εγκυκλοπαιδική Εισαγωγή στους Υπολογιστές και Μικρουπολογιστές | |
| 250 | _a1η | ||
| 260 |
_bΘεοδώρου, _c1985 |
||
| 300 | _a240 | ||
| 520 | _aΒασικές Γνώσεις και Ορισμοί, Γνωριμία με Αριθμητικά συστήματα, Micros στα 8BIT: Z80 - 6502 - 6809, 16/32 BIT Αρχιτεκτονική 8086/88 - 68000, Μίνι και Μεγάλες Μηχανές, Επικονωνία της CPU με τον Έξω Κόσμο, Μονάδες Εισόδου και Εξόδου και Αρχεία, Το Λειτουργικό Σύστημα, Virtual Συστήματα Supermicros. Εισαγωγή στις Βασικές Έννοιες, Εσωτερική Παράσταση Αριθμών και Κώδικες και Αριθμητικές Πράξεις, Στοιχεία Αρχιτεκτονικής Υπολογιστών, Διαφορές Αρχιτεκτονικής σε 8 16 και 32 BIT Συστήματα, Επικοινωνία της CPU με τον Έξω Κόσμο, Μονάδες Εισόδου/ Εξόδου και Αρχεία, Το Λειτουργικό Σύστημα, Virtual Συστήματα και άλλα Προχωρημένα Θέματα. | ||
| 700 | 1 |
_aΘεοδώρου Γιώργος Β _91952 |
|
| 942 | _cBK | ||
| 999 |
_c1470 _d1470 |
||